Structure of political competition in Spain (1986-2000) /

Saved in:
Bibliographic Details
Main Author: Molas, Isidre
Other Authors: Bartomeus, Oriol
Format: Text
Subjects:
Tags: Add Tag
No Tags, Be the first to tag this record!

MARC

LEADER 00000 a a2200000 04500
001 1839
003
040
100 |a Molas, Isidre  
245 |a Structure of political competition in Spain (1986-2000) /  |c Isidre Molas ; Oriol Bartomeus 
650 |a COMPETENCIA  
650 |a PARTIDOS POLITICOS  
650 |a ELECCIONES  
650 |a VOTACION  
650 |a ESPAÑA  
700 |a Bartomeus, Oriol  
773 |g número 2; páginas 191-219  
999 |c 34562  |d 34562